|
|
|
|
| LEADER |
00000cam a2200000 a 4500 |
| 001 |
vtls008401466 |
| 003 |
SK-MaSNL |
| 005 |
20260302074754.0 |
| 008 |
230403s1952 xo 000 0 hun |
| 015 |
|
|
|a SNBA19451955-012281
|
| 035 |
|
|
|a SK01SNKBKSFS20020093683
|
| 035 |
|
|
|a urn:nbn:sk:snk-am3is06
|
| 035 |
|
|
|a C2AB6C5F-1B5D-416A-9CCA-D93C89341C5F
|
| 035 |
|
|
|a urn:nbn:sk:snk-am00ffml
|
| 035 |
|
|
|a SKM000096146
|
| 040 |
|
|
|a SNK
|b slo
|c SNK
|e AACR2
|
| 041 |
1 |
|
|a hun
|h rus
|
| 044 |
|
|
|a xo
|c SK
|
| 072 |
|
7 |
|a 636
|x Chov zvierat. Živočíšna výroba
|2 konspekt
|
| 080 |
|
|
|a 636.2
|2 2011
|
| 100 |
1 |
|
|a Štejman, Stanislav Ivanovič,
|d 1887-1965
|4 aut
|9 207572
|
| 245 |
1 |
0 |
|a Hogyan keletkezett a karavajevói rekord-csorda
|c S.I. Štejman ; ford. Drastich O.
|
| 260 |
|
|
|a Bratislava
|b Oráč
|c 1952
|e Trnava
|f Západoslov. tlač.
|
| 300 |
|
|
|a 197, [3] s.
|b [42] obr. príl.
|c 8°
|
| 366 |
|
|
|e 2500 výtl.
|
| 490 |
1 |
|
|a Többet, jobban, olcsóbban
|v 67. Köt.
|
| 650 |
0 |
7 |
|a hovädzí dobytok
|2 SNKPH
|9 2818
|
| 650 |
0 |
7 |
|a chov hospodárskych zvierat
|2 SNKPH
|9 2802
|
| 655 |
|
7 |
|a príručky
|2 SNKPH
|9 74364
|
| 700 |
1 |
|
|a Drastich, Oldřich
|4 trl
|9 336044
|
| 830 |
|
0 |
|a Többet, jobban, olcsóbban
|9 309052
|
| 852 |
|
|
|a Slovenská národná knižnica
|
| 954 |
|
|
|a odborná, vedecká literatúra cudzojazyčná (svetová)
|2 lita
|
| 958 |
|
|
|a OND
|
| 958 |
|
|
|a RK
|
| 958 |
|
|
|a TL
|
| 958 |
|
|
|a EUIPO
|
| 999 |
|
|
|c 1166428
|d 1168358
|
| 952 |
|
|
|a SNK
|b SNK
|y VYP
|7 0
|p 17A0699392
|o snkSD 7331/67 D1
|i snkF 1535/64
|8 5
|0 0
|1 0
|4 0
|d 2011-05-26
|l 0
|r 2026-02-24 20:49:44
|w 2026-02-24
|
| 952 |
|
|
|a SNK
|b SNK
|y VYP
|7 0
|p 17A0699406
|o snkSD 7331/67 D2
|i snkF 4037/64
|8 5
|0 0
|1 0
|4 0
|d 2011-05-26
|l 0
|r 2026-02-24 20:49:44
|w 2026-02-24
|
| 952 |
|
|
|a SNK
|b SNK
|y PREZ
|7 0
|p 17A0910756
|o snkSD 7331/67
|i snk2628/53
|0 0
|1 0
|4 0
|d 2020-07-01
|f 1
|l 0
|r 2025-11-17 00:00:00
|w 2026-02-24
|